[Event "ICS rated blitz match"]
[Site "204.178.125.65"]
[Date "2001.07.30"]
[Round "?"]
[White "Hossa"]
[Black "koljap"]
[Result "1-0"]
[WhiteElo "2542"]
[BlackElo "2368"]
[PlyCount "67"]
[EventDate "2001.??.??"]

1. d4 Nf6 2. c4 g6 3. Nc3 Bg7 4. Nf3 O-O 5. e4 d6 6. Be2 Nc6 7. d5 Nb8 8. O-O
c5 9. Bf4 b5 10. cxb5 a6 11. Qd2 axb5 12. Bxb5 Qb6 13. Be2 Na6 14. Bg5 Qd8 15.
e5 dxe5 16. Nxe5 Bb7 17. Nc6 Qd7 18. Rfe1 Nb4 19. Bf3 Rfe8 20. a3 Na6 21. Qf4
Nc7 22. Nxe7+ Rxe7 23. Rxe7 Qxe7 24. d6 Qe6 25. Bxb7 Re8 26. Rf1 Na8 27. Bc6
Rf8 28. Na4 h6 29. Nxc5 hxg5 30. Nxe6 gxf4 31. Nxf8 Bxf8 32. Bxa8 Bxd6 33. b4
Kf8 34. Rb1 {koljap resigns} 1-0

[Event "ICS rated blitz match"]
[Site "204.178.125.65"]
[Date "2001.07.30"]
[Round "?"]
[White "koljap"]
[Black "Hossa"]
[Result "1-0"]
[WhiteElo "2359"]
[BlackElo "2551"]
[PlyCount "123"]
[EventDate "2001.??.??"]

1. e4 e6 2. d4 d5 3. e5 c5 4. Nf3 Nd7 5. Bd3 cxd4 6. O-O Qc7 7. Re1 Bc5 8. Qe2
Ne7 9. a3 Ng6 10. h4 a6 11. h5 Ne7 12. h6 gxh6 13. Bxh6 Nc6 14. Nbd2 b6 15. b4
Be7 16. Nb3 Bb7 17. Bf4 h5 18. Nfxd4 Nxd4 19. Nxd4 Qc3 20. Qe3 Rc8 21. Red1 Rg8
22. Ra2 h4 23. Kh2 Rg7 24. Raa1 Rb8 25. f3 Rc8 26. Bh6 Rg8 27. Qf4 Bd8 28. Rab1
Nxe5 29. Kh1 Nxd3 30. Rxd3 Qc7 31. Re1 Rg6 32. Qd2 h3 33. gxh3 Bh4 34. Rd1 Bf6
35. Bf4 e5 36. Bh2 Qd7 37. Qe2 Qxh3 38. f4 Qh4 39. fxe5 Bh8 40. Rf3 Qh5 41. e6
f6 42. Re3 Qh7 43. Qf2 Rg4 44. a4 Qh5 45. b5 Rc4 46. bxa6 Bxa6 47. Rb3 Rh4 48.
Rbd3 Rc7 49. R3d2 Rh7 50. Nf3 Rf4 51. Rxd5 f5 52. Rd8+ Ke7 53. R1d7+ Kf6 54.
Rf8+ Kg6 55. e7 Qxf3+ 56. Qxf3 Rxh2+ 57. Kg1 Rxf3 58. e8=Q+ Kg5 59. Rg8+ Kf4
60. Qb8+ Ke4 61. Re8+ Be5 62. Qxe5# {Hossa checkmated} 1-0

[Event "ICS rated blitz match"]
[Site "204.178.125.65"]
[Date "2001.07.30"]
[Round "?"]
[White "Hossa"]
[Black "koljap"]
[Result "1-0"]
[WhiteElo "2527"]
[BlackElo "2383"]
[PlyCount "77"]
[EventDate "2001.??.??"]

1. e4 c5 2. Nf3 Nc6 3. d4 cxd4 4. Nxd4 g6 5. c4 Bg7 6. Nxc6 bxc6 7. Bd3 d6 8.
O-O Nf6 9. Nc3 O-O 10. Be2 Rb8 11. Rb1 Nd7 12. Be3 Qc7 13. Qd2 Ne5 14. Bh6 Bxh6
15. Qxh6 Be6 16. b3 f6 17. Rbc1 a5 18. Nd5 Qd7 19. Nf4 a4 20. bxa4 Rb4 21. Nxe6
Qxe6 22. Bd1 Nxc4 23. Bb3 Rfb8 24. Rfe1 Qf7 25. Rc3 d5 26. Rh3 e5 27. Rd3 d4
28. Rc1 c5 29. Rc2 g5 30. h4 R8b6 31. a5 Rb8 32. hxg5 f5 33. g6 Qxg6 34. Rg3
Qxg3 35. Qe6+ Kg7 36. fxg3 f4 37. Bxc4 Rb1+ 38. Kh2 fxg3+ 39. Kxg3 {
koljap resigns} 1-0

[Event "ICS rated blitz match"]
[Site "204.178.125.65"]
[Date "2001.07.30"]
[Round "?"]
[White "koljap"]
[Black "Hossa"]
[Result "1/2-1/2"]
[WhiteElo "2373"]
[BlackElo "2537"]
[PlyCount "136"]
[EventDate "2001.??.??"]

1. e4 e6 2. Nf3 d5 3. e5 Nd7 4. d4 c5 5. Bd3 cxd4 6. O-O Qc7 7. Re1 Bc5 8. Qe2
Ne7 9. a3 Ng6 10. h4 Qd8 11. g3 O-O 12. h5 Ne7 13. h6 g6 14. Bg5 Qe8 15. Nbd2
Bb6 16. Nb3 Nc6 17. a4 a6 18. Qd2 Ndxe5 19. Nxe5 Nxe5 20. Rxe5 f6 21. a5 Bd8
22. Re2 fxg5 23. Nxd4 e5 24. c4 Bg4 25. Re3 Bf6 26. cxd5 Qf7 27. Ne6 Bxe6 28.
dxe6 Qxe6 29. Be4 Rad8 30. Qb4 Rf7 31. Bxb7 Be7 32. Qc3 Bf8 33. Bg2 Re8 34. Qc6
Qxc6 35. Bxc6 Rd8 36. Rxe5 Rf5 37. Rxf5 gxf5 38. Bb7 Rd6 39. Rc1 Rxh6 40. Bd5+
Kh8 41. Rc8 Rf6 42. f4 gxf4 43. gxf4 Kg7 44. Rc4 Rd6 45. Rd4 Rd8 46. Kg2 h5 47.
Rd3 Kf6 48. Bc4 Rxd3 49. Bxd3 Bb4 50. Be2 Bxa5 51. Bxh5 Bd2 52. Kg3 a5 53. Kf3
Bc1 54. b3 Ke6 55. Be8 Kd5 56. Bd7 Kd4 57. Bxf5 Kc3 58. Be6 Kb4 59. f5 Bb2 60.
Kg4 a4 61. bxa4 Kxa4 62. Kg5 Ka3 63. Kg6 Kb4 64. Bd5 Kc3 65. f6 Bc1 66. f7 Ba3
67. Kg7 Kd3 68. f8=Q Bxf8+ {
Game drawn because neither player has mating material} 1/2-1/2

[Event "ICS rated blitz match"]
[Site "204.178.125.65"]
[Date "2001.07.30"]
[Round "?"]
[White "Hossa"]
[Black "koljap"]
[Result "1-0"]
[WhiteElo "2530"]
[BlackElo "2380"]
[PlyCount "83"]
[EventDate "2001.??.??"]

1. d4 d5 2. c4 e6 3. Nc3 Nf6 4. Bg5 Be7 5. Nf3 h6 6. Bxf6 Bxf6 7. Qb3 c6 8. e3
O-O 9. Be2 Nd7 10. O-O Qb6 11. Qc2 Qc7 12. cxd5 cxd5 13. Rac1 Qc6 14. Qd2 Qd6
15. Nb5 Qe7 16. Rc3 b6 17. Rc7 a5 18. Na7 Rb8 19. Qc2 Qd8 20. Bb5 Nc5 21. Rxc8
Rxc8 22. Nxc8 Qxc8 23. Rc1 Qb7 24. dxc5 bxc5 25. Qxc5 Bxb2 26. Rc2 Ba3 27. Qxa3
Qxb5 28. Nd4 Qb1+ 29. Rc1 Qb6 30. Qb3 Rb8 31. Qxb6 Rxb6 32. f4 Rb2 33. Rc2 Rxc2
34. Nxc2 a4 35. Nd4 Kh7 36. f5 exf5 37. Nxf5 Kg6 38. Ne7+ Kf6 39. Nxd5+ Kf5 40.
Kf2 a3 41. Nc3 g6 42. Nb5 {koljap resigns} 1-0

[Event "ICS rated blitz match"]
[Site "204.178.125.65"]
[Date "2001.07.30"]
[Round "?"]
[White "Hossa"]
[Black "koljap"]
[Result "0-1"]
[WhiteElo "2548"]
[BlackElo "2362"]
[PlyCount "101"]
[EventDate "2001.??.??"]

1. d4 d5 2. c4 e6 3. Nc3 Nf6 4. Bg5 Be7 5. Nf3 h6 6. Bxf6 Bxf6 7. Qb3 c6 8. e3
O-O 9. Be2 dxc4 10. Qxc4 b5 11. Qc5 Be7 12. Qh5 Nd7 13. O-O Nf6 14. Qh4 Nd5 15.
Qg4 Nf6 16. Qf4 a6 17. Ne5 Bb7 18. Rac1 Nd7 19. Ne4 Nxe5 20. Qxe5 a5 21. Nc5
Bc8 22. Bf3 Bf6 23. Qf4 Bg5 24. Qe4 Rb8 25. Qxc6 Rb6 26. Qa8 Rd6 27. Be2 e5 28.
dxe5 Rd2 29. Bxb5 Rxb2 30. Rfd1 Qe7 31. Qxa5 Qxe5 32. a4 Bf5 33. Qe1 Rd8 34.
Rxd8+ Bxd8 35. e4 Bc7 36. g3 Rxb5 37. axb5 Bh3 38. Qb4 Qg5 39. Nd3 Bb6 40. Rc6
Qd8 41. Qd6 Qa8 42. g4 Qa4 43. Nc1 Bd4 44. Nb3 Qxb3 45. Rc1 Qb2 46. Rc8+ Kh7
47. Qf4 Bxf2+ 48. Kh1 Bg2+ 49. Kxg2 Be3+ 50. Kg3 Bxf4+ 51. Kxf4 {Hossa resigns}
0-1

[Event "ICS Rated blitz match"]
[Site "204.178.125.65"]
[Date "2001.08.02"]
[Round "?"]
[White "Hossa"]
[Black "Begiak"]
[Result "0-1"]
[WhiteElo "2510"]
[BlackElo "2047"]
[PlyCount "71"]
[EventDate "2001.??.??"]

1. e4 c6 2. d4 d5 3. Nd2 dxe4 4. Nxe4 Bf5 5. Ng3 Bg6 6. h4 h6 7. Nf3 Nd7 8. h5
Bh7 9. Bd3 Bxd3 10. Qxd3 e6 11. Bf4 Ngf6 12. O-O-O Be7 13. Kb1 O-O 14. Qe2 Nd5
15. Bd2 Qc7 16. Ne4 c5 17. g4 cxd4 18. Nxd4 Rfc8 19. Nc3 N7f6 20. Nxd5 Nxd5 21.
c3 Bf6 22. Nb3 a5 23. g5 hxg5 24. Nc1 Qb6 25. Kc2 Bxc3 26. bxc3 Nxc3 27. Bxc3
Rxc3+ 28. Kd2 Qc6 29. Qd3 Rxd3+ 30. Nxd3 e5 31. Ke3 e4 32. Ne1 Rc8 33. Rb1 Qc3+
34. Ke2 Qc4+ 35. Ke3 Rd8 36. Rb3 {Hossa resigns} 0-1

[Event "ICS rated blitz match"]
[Site "204.178.125.65"]
[Date "2001.08.02"]
[Round "?"]
[White "Goteborg"]
[Black "Hossa"]
[Result "1/2-1/2"]
[WhiteElo "2750"]
[BlackElo "2480"]
[PlyCount "152"]
[EventDate "2001.??.??"]

1. e4 c6 2. d4 d5 3. e5 c5 4. dxc5 e6 5. Be3 Nd7 6. Bb5 Qa5+ 7. Nc3 a6 8. Bxd7+
Bxd7 9. Qd2 Ne7 10. Nh3 Nf5 11. O-O Nxe3 12. fxe3 Bxc5 13. Nf2 Bb4 14. e4 Bxc3
15. bxc3 Rd8 16. exd5 Qxd5 17. Qg5 O-O 18. Ng4 Qc5+ 19. Kh1 Kh8 20. Rxf7 Rxf7
21. Qxd8+ Qf8 22. Qxf8+ Rxf8 23. Ne3 Kg8 24. Kg1 Rc8 25. Rb1 Rxc3 26. Rxb7 Rxe3
27. Rxd7 Rxe5 28. c4 Re2 29. a4 Ra2 30. c5 Ra1+ 31. Kf2 Rc1 32. Rd6 Rxc5 33.
Rxa6 Kf7 34. a5 Kf6 35. Ra8 Rc2+ 36. Kf3 Ke5 37. Ra7 Rc3+ 38. Kg4 Rc2 39. Kg3
Rc3+ 40. Kg4 Rc2 41. Kh3 Rc3+ 42. Kh4 Rc4+ 43. g4 Kf6 44. a6 g5+ 45. Kg3 Rc3+
46. Kf2 Rc2+ 47. Ke3 Ra2 48. Kd3 Ke5 49. h3 Ra3+ 50. Kc4 h6 51. Kb4 Ra2 52. Ra8
Kd5 53. Kb5 Kd6 54. Rd8+ Kc7 55. Rh8 Rb2+ 56. Kc4 Ra2 57. a7 Rxa7 58. Rh7+ Kb6
59. Rxh6 Ra4+ 60. Kd3 Kc6 61. Rxe6+ Kd5 62. Re3 Ra3+ 63. Ke2 Rxe3+ 64. Kxe3 Ke5
65. Kf3 Kf6 66. Kg3 Kg6 67. h4 gxh4+ 68. Kxh4 Kh6 69. g5+ Kh7 70. Kh5 Kg7 71.
g6 Kg8 72. Kg4 Kh8 73. Kh4 Kg8 74. Kg5 Kg7 75. Kf5 Kg8 76. g7 Kxg7 {
Game drawn because neither player has mating material} 1/2-1/2

[Event "ICS rated blitz match"]
[Site "204.178.125.65"]
[Date "2001.08.02"]
[Round "?"]
[White "popugai"]
[Black "Hossa"]
[Result "0-1"]
[WhiteElo "2293"]
[BlackElo "2491"]
[PlyCount "25"]
[EventDate "2001.??.??"]

1. e4 c5 2. Nf3 Nc6 3. Bc4 d6 4. d3 Nf6 5. O-O e6 6. c3 Be7 7. Re1 O-O 8. Bb3
Bd7 9. Nbd2 Qc7 10. Nf1 d5 11. exd5 Nxd5 12. Bc2 Rfd8 13. Bf4 {popugai resigns}
0-1

[Event "ICS rated blitz match"]
[Site "204.178.125.65"]
[Date "2001.08.02"]
[Round "?"]
[White "Hossa"]
[Black "popugai"]
[Result "1-0"]
[WhiteElo "2499"]
[BlackElo "2285"]
[PlyCount "81"]
[EventDate "2001.??.??"]

1. e4 e6 2. d4 d5 3. Nd2 c5 4. Ngf3 cxd4 5. Nxd4 Nc6 6. Nxc6 bxc6 7. Bd3 Nf6 8.
O-O Bd6 9. f4 Bc7 10. Kh1 O-O 11. e5 Ne8 12. Qh5 f5 13. Nf3 g6 14. Qh6 Qe7 15.
Be3 Bb6 16. Bxb6 axb6 17. Nd4 Bd7 18. Be2 Qg7 19. Qh4 Nc7 20. c3 c5 21. Nc2 h6
22. Qf2 Kf7 23. b4 g5 24. bxc5 b5 25. c6 Be8 26. Qc5 Kg8 27. Nd4 Kh8 28. Qd6
Rg8 29. Nxe6 Nxe6 30. Qxe6 gxf4 31. Bf3 Bxc6 32. Qxc6 Rac8 33. Qxd5 Rxc3 34.
Rab1 Re3 35. Rxb5 Re2 36. Bxe2 Qg5 37. e6 Rd8 38. Qe5+ Kh7 39. Rb7+ Kg8 40. Qc7
Qg6 41. Qxd8+ {popugai resigns} 1-0

[Event "ICS rated blitz match"]
[Site "204.178.125.65"]
[Date "2001.08.02"]
[Round "?"]
[White "Hossa"]
[Black "chesswhore"]
[Result "1-0"]
[WhiteElo "2506"]
[BlackElo "2228"]
[PlyCount "67"]
[EventDate "2001.??.??"]

1. e4 e6 2. d4 d5 3. e5 c5 4. Nf3 Nc6 5. dxc5 Bxc5 6. c3 Qb6 7. Qc2 Bd7 8. Bd3
Rc8 9. O-O a5 10. Bxh7 Nge7 11. Bd3 Kd8 12. Bg5 Kc7 13. Nbd2 g6 14. a3 Nf5 15.
Bf6 Rh7 16. g4 Ng7 17. b4 Be7 18. b5 Bxf6 19. exf6 Ne8 20. bxc6 Bxc6 21. Rab1
Qc5 22. Bxg6 fxg6 23. Ng5 Qd6 24. Nxh7 Rd8 25. f7 Ng7 26. Qxg6 Rf8 27. Qxg7 e5
28. Nxf8 Qe7 29. Ng6 Qd6 30. f8=Q+ Bd7 31. Qxd6+ Kxd6 32. Qxe5+ Kc6 33. Ne7+
Kc5 34. Qxd5# {chesswhore checkmated} 1-0

[Event "ICS rated blitz match"]
[Site "204.178.125.65"]
[Date "2001.08.02"]
[Round "?"]
[White "Hossa"]
[Black "chesswhore"]
[Result "1-0"]
[WhiteElo "2516"]
[BlackElo "2218"]
[PlyCount "79"]
[EventDate "2001.??.??"]

1. e4 e6 2. d4 d5 3. Nd2 Nf6 4. e5 Nfd7 5. Bd3 c5 6. c3 Nc6 7. Ne2 cxd4 8. cxd4
f6 9. exf6 Nxf6 10. O-O Bd6 11. Nf3 O-O 12. Bb5 Ne4 13. Ng3 Bd7 14. Nxe4 dxe4
15. Ng5 Qb6 16. Ba4 Rad8 17. d5 Nd4 18. Bxd7 Rxd7 19. dxe6 Re7 20. Be3 Be5 21.
Rb1 h6 22. Nxe4 Rxe6 23. Qg4 Rg6 24. Bxd4 Bxd4 25. Qe2 Kh8 26. Rfd1 Re6 27. Qc2
Rfe8 28. Ng3 Rf8 29. Rf1 Ref6 30. Ne4 Rf4 31. Rbd1 a6 32. b3 a5 33. Rd2 Be5 34.
Rd5 Bb8 35. Qd3 Qg6 36. Rd8 Qg4 37. Rc1 Qg6 38. Rcc8 Rxd8 39. Qxd8+ Kh7 40.
Qh8# {chesswhore checkmated} 1-0

[Event "ICS rated blitz match"]
[Site "204.178.125.65"]
[Date "2001.08.02"]
[Round "?"]
[White "Tinker"]
[Black "Hossa"]
[Result "0-1"]
[WhiteElo "2484"]
[BlackElo "2521"]
[PlyCount "166"]
[EventDate "2001.??.??"]

1. e4 e5 2. Nf3 Nc6 3. Bb5 a6 4. Ba4 Nf6 5. O-O Be7 6. Re1 b5 7. Bb3 d6 8. c3
O-O 9. h3 Na5 10. Bc2 c5 11. d4 Qc7 12. Nbd2 cxd4 13. cxd4 Nc6 14. Nb3 a5 15.
Be3 a4 16. Nbd2 Bd7 17. Rc1 a3 18. bxa3 Rxa3 19. Nb1 Raa8 20. d5 Na5 21. Bd3
Nc4 22. Qe2 Rfc8 23. Bxc4 bxc4 24. Nc3 Ra3 25. Nd2 Be8 26. Qf3 Rb8 27. Rc2 Raa8
28. Rec1 Qc8 29. Ne2 Bb5 30. Nc3 Be8 31. Nd1 Qa6 32. Rc3 Qxa2 33. Rxc4 Bd7 34.
R1c2 Qa1 35. Rc7 Bd8 36. R7c3 Rc8 37. Rxc8 Rxc8 38. Rxc8 Bxc8 39. Bg5 Bd7 40.
Nb3 Qb1 41. Nd2 Qc2 42. Nf1 Bb5 43. Nde3 Qb1 44. Qf5 Qc1 45. Bxf6 Bxf6 46. Qg4
Bd8 47. Nd1 Bb6 48. Qf3 Qb1 49. Nd2 Qc2 50. Nf1 Kf8 51. Ng3 g6 52. Kh2 Kg7 53.
Ne3 Qa2 54. Ngf5+ gxf5 55. Nxf5+ Kf8 56. Nxd6 Be8 57. Qf6 Qxf2 58. Qh8+ Ke7 59.
Qxe5+ Kd7 60. Nxe8 Bd4 61. Qb8 Qg1+ 62. Kg3 Qe1+ 63. Kg4 Qxe4+ 64. Kh5 Qf5+ 65.
Kh4 Qxd5 66. g3 f6 67. Qf4 Kxe8 68. Qg4 Ke7 69. Qg7+ Kd6 70. Qf8+ Kd7 71. Qg7+
Kc6 72. Qh6 Bb2 73. Qf4 Qd4 74. Qxd4 Bxd4 75. g4 Bf2+ 76. Kh5 Be3 77. h4 Kd5
78. g5 f5 79. Kh6 Bd4 80. Kxh7 f4 81. g6 f3 82. h5 f2 83. h6 f1=Q {
Tinker resigns} 0-1

[Event "ICS rated blitz match"]
[Site "204.178.125.65"]
[Date "2001.08.02"]
[Round "?"]
[White "Hossa"]
[Black "Tinker"]
[Result "0-1"]
[WhiteElo "2535"]
[BlackElo "2470"]
[PlyCount "112"]
[EventDate "2001.??.??"]

1. e4 c5 2. Nf3 d6 3. d4 cxd4 4. Nxd4 Nf6 5. Nc3 g6 6. Be2 Bg7 7. O-O O-O 8.
Be3 Nc6 9. Nb3 Be6 10. Qd2 Qc8 11. Bh6 Ne5 12. Bxg7 Kxg7 13. Nd4 Bc4 14. f4
Neg4 15. Bxc4 Qxc4 16. h3 Nh6 17. g4 e5 18. fxe5 dxe5 19. g5 Qxd4+ 20. Qxd4
exd4 21. gxf6+ Kh8 22. Nb5 Rae8 23. Rae1 Rd8 24. Rd1 Rfe8 25. Rfe1 Re6 26. Nxd4
Red6 27. c3 Rxf6 28. Re2 Ra6 29. b3 f6 30. Kf2 Nf7 31. Ke3 f5 32. exf5 gxf5 33.
Kf4 Nh6 34. Rg1 Rb8 35. Rg5 Rf6 36. Re7 Ng8 37. Rc7 Rff8 38. Rgg7 Nf6 39. Ke5
Rbe8+ 40. Ne6 f4 41. Rcf7 Rxf7 42. Rxf7 Nh5 43. Kd6 Kg8 44. Rxb7 f3 45. Nc7
Rd8+ 46. Ke7 Rf8 47. Rb4 Ng7 48. Nd5 f2 49. Ne3 Nf5+ 50. Nxf5 Rxf5 51. Rg4+ Kh8
52. c4 f1=Q 53. Rd4 Rf8 54. Rg4 Qf6+ 55. Kd7 Rd8+ 56. Kc7 Qb6# {
Hossa checkmated} 0-1

[Event "ICS rated blitz match"]
[Site "204.178.125.65"]
[Date "2001.08.02"]
[Round "?"]
[White "chesswhore"]
[Black "Hossa"]
[Result "0-1"]
[WhiteElo "2269"]
[BlackElo "2516"]
[PlyCount "38"]
[EventDate "2001.??.??"]

1. d4 Nf6 2. Nf3 e6 3. g3 b6 4. Bg2 Bb7 5. c4 c5 6. Nc3 cxd4 7. Qxd4 Nc6 8. Qh4
Ne5 9. O-O Nxf3+ 10. exf3 Be7 11. Qd4 d5 12. f4 Ba6 13. Rd1 Bc5 14. Qe5 O-O 15.
cxd5 Ng4 16. Qg5 Nxf2 17. Qxd8 Nxd1+ 18. Kh1 Nf2+ 19. Kg1 Raxd8 {
chesswhore resigns} 0-1

[Event "ICS Rated blitz match"]
[Site "204.178.125.65"]
[Date "2001.08.02"]
[Round "?"]
[White "winner3"]
[Black "Hossa"]
[Result "1-0"]
[WhiteElo "2777"]
[BlackElo "2522"]
[PlyCount "128"]
[EventDate "2001.??.??"]

1. e4 Nc6 2. d4 e5 3. dxe5 Nxe5 4. Nf3 Nxf3+ 5. Qxf3 d6 6. Bc4 Nf6 7. Qb3 Qe7
8. O-O c6 9. Bg5 h6 10. Bh4 g5 11. Bg3 Bg7 12. Nc3 b5 13. Be2 a5 14. Rad1 Be6
15. Qa3 b4 16. Qa4 Qb7 17. e5 dxe5 18. Bf3 Ra6 19. Nb1 O-O 20. Be2 Raa8 21.
Rfe1 Qc7 22. Bf3 Nd5 23. c4 bxc3 24. Nxc3 Rfd8 25. Qc2 Nb4 26. Qb1 f5 27. a3
Na6 28. h3 Rdc8 29. Rc1 Rab8 30. Bh2 Rd8 31. Nd1 Rb6 32. Qc2 Qd6 33. Ne3 Qf8
34. Nc4 Bxc4 35. Qxc4+ Qf7 36. Qa4 Qb3 37. Qxa5 Qb5 38. Qxb5 Rxb5 39. Rxc6 Nc5
40. b4 Nd3 41. Rb1 e4 42. Be2 f4 43. Re6 Re5 44. Ra6 Rb5 45. Kf1 Kf8 46. Re6
Ra8 47. Rxe4 Rxa3 48. f3 Rb8 49. Bg1 Rc8 50. b5 Nb2 51. b6 Rb3 52. Ba6 Rc6 53.
Rbe1 Kf7 54. Re7+ Kg8 55. R7e6 Rxe6 56. Rxe6 Kf7 57. Re2 Bf8 58. b7 Bd6 59. Bd4
Ra3 60. Bb5 Ra1+ 61. Re1 Rxe1+ 62. Kxe1 Ke6 63. Bxb2 Bb8 64. Bd3 h5 {
Hossa resigns} 1-0

[Event "ICS rated blitz match"]
[Site "204.178.125.65"]
[Date "2001.08.04"]
[Round "?"]
[White "Hossa"]
[Black "ChesterX"]
[Result "0-1"]
[WhiteElo "2516"]
[BlackElo "2745"]
[PlyCount "139"]
[EventDate "2001.??.??"]

1. e4 c5 2. Nf3 g6 3. d4 cxd4 4. Qxd4 Nf6 5. Bc4 Nc6 6. Qe3 Bg7 7. O-O O-O 8.
Nc3 Ng4 9. Qg5 Bxc3 10. bxc3 d6 11. Bd5 Nf6 12. Qh4 Qa5 13. c4 Bg4 14. Bb2 Bxf3
15. gxf3 Kg7 16. f4 Rac8 17. Bxc6 Rxc6 18. e5 dxe5 19. fxe5 Ng8 20. Rfb1 Rd8
21. e6+ f6 22. Bd4 Qa6 23. Rb5 Rxe6 24. c3 Red6 25. Qe4 b6 26. a4 R6d7 27. Qe6
Rd6 28. Qe4 R8d7 29. f4 Nh6 30. c5 bxc5 31. Rxc5 Nf5 32. Rxf5 gxf5 33. Qxf5 Qe2
34. Qg5+ Kf7 35. Qg3 Rd8 36. Re1 Qd2 37. Kh1 Rg8 38. Rxe7+ Kxe7 39. Qxg8 Qd1+
40. Kg2 Qxa4 41. Qxh7+ Kd8 42. Kg3 a5 43. Qf5 Kc7 44. Bxf6 Kb7 45. Bd4 Qc4 46.
Qxa5 Qd3+ 47. Kf2 Qd2+ 48. Kf3 Qd1+ 49. Ke3 Qe1+ 50. Kd3 Qf1+ 51. Kc2 Qe2+ 52.
Kb3 Qd1+ 53. Kc4 Rc6+ 54. Bc5 Qf1+ 55. Kd5 Qf3+ 56. Ke5 Qe2+ 57. Kd5 Qd3+ 58.
Ke5 Ra6 59. Qb4+ Kc6 60. c4 Qe2+ 61. Kf6 Kc7+ 62. Kf5 Qh5+ 63. Ke4 Re6+ 64. Kd4
Qd1+ 65. Kc3 Qf3+ 66. Kc2 Re2+ 67. Qd2 Rxd2+ 68. Kxd2 Qxf4+ 69. Kc3 Qxh2 70.
Be3 {Hossa resigns} 0-1

[Event "ICS rated blitz match"]
[Site "204.178.125.65"]
[Date "2001.08.04"]
[Round "?"]
[White "SSM"]
[Black "Hossa"]
[Result "0-1"]
[WhiteElo "2255"]
[BlackElo "2514"]
[PlyCount "36"]
[EventDate "2001.??.??"]

1. e4 e6 2. d4 d5 3. Nd2 Nf6 4. e5 Nfd7 5. Bd3 c5 6. c3 Nc6 7. Ne2 cxd4 8. cxd4
f6 9. exf6 Qxf6 10. Nf3 e5 11. Bg5 Bb4+ 12. Kf1 Qd6 13. dxe5 Ndxe5 14. Nxe5
Qxe5 15. Bf4 Qxb2 16. Rb1 Qxa2 17. Bb5 a5 18. Nd4 O-O {SSM resigns} 0-1

[Event "ICS rated blitz match"]
[Site "204.178.125.65"]
[Date "2001.08.04"]
[Round "?"]
[White "Hossa"]
[Black "monsoon"]
[Result "1/2-1/2"]
[WhiteElo "2520"]
[BlackElo "2624"]
[PlyCount "27"]
[EventDate "2001.??.??"]

1. e4 c5 2. c4 Nc6 3. d3 g6 4. Nc3 Bg7 5. Nf3 d6 6. Be2 Nf6 7. h3 Qb6 8. O-O
Bd7 9. Bg5 Qxb2 10. Na4 Qa3 11. Bc1 Qb4 12. Bd2 Qa3 13. Bc1 Qb4 14. Bd2 {
Game drawn by mutual agreement} 1/2-1/2

[Event "ICS rated blitz match"]
[Site "204.178.125.65"]
[Date "2001.08.04"]
[Round "?"]
[White "Hossa"]
[Black "QueenMaxima"]
[Result "1-0"]
[WhiteElo "2525"]
[BlackElo "2432"]
[PlyCount "171"]
[EventDate "2001.??.??"]

1. e4 a5 2. d4 d5 3. e5 Nc6 4. Bb5 Bd7 5. Nc3 e6 6. Nf3 Bb4 7. a4 Nge7 8. O-O
O-O 9. Na2 Nf5 10. Nxb4 axb4 11. Bd2 b3 12. cxb3 Qe7 13. Bc3 Nb8 14. Bd3 Nc6
15. Qd2 f6 16. Bb5 Qf7 17. exf6 Qxf6 18. Bxc6 Bxc6 19. Bb4 Nd6 20. Qe3 Nf5 21.
Qd3 Nd6 22. Rae1 Ra6 23. Ne5 Qe7 24. Re3 Rf4 25. Rh3 Rh4 26. Re1 Be8 27. Rc1
Rxh3 28. Qxh3 Ra8 29. Rc3 Kh8 30. Qg4 Ra6 31. Rh3 Qf6 32. Qd1 Qd8 33. Qc2 Ne4
34. Rf3 Nf6 35. Qd2 Rb6 36. Bc5 Ra6 37. Qg5 h6 38. Rh3 Kg8 39. Rxh6 Ra8 40. Bb4
Ne4 41. Qg4 Ng5 42. Rh4 Qf6 43. f3 Nh7 44. Qg3 Qg5 45. Qe1 Kh8 46. Bd2 Qf5 47.
Qc1 c6 48. g4 Qf6 49. Bg5 Qf8 50. Qc2 Qg8 51. f4 Ra7 52. f5 exf5 53. gxf5 Ra8
54. Ng6+ Bxg6 55. fxg6 Qe6 56. Qd3 Rf8 57. Bd2 Rf6 58. gxh7 Qf7 59. Qg3 Re6 60.
Rh3 Re2 61. b4 Qf8 62. Bc3 Qf7 63. a5 Qe8 64. b3 Qf7 65. b5 cxb5 66. Bd2 Qf8
67. Bb4 Qc8 68. Qf3 Rb2 69. Qf8+ Qxf8 70. Bxf8 Rb1+ 71. Kf2 Rb2+ 72. Ke1 Rb1+
73. Kd2 Rg1 74. Kc3 Rg6 75. Kb4 Rg1 76. Kxb5 Rg6 77. Rh5 Rg2 78. Kb6 Rg6+ 79.
Kxb7 Rg1 80. a6 Rg6 81. b4 Rg1 82. a7 Ra1 83. Be7 Ra2 84. a8=R+ Rxa8 85. Kxa8
g6 86. Bf6# {QueenMaxima checkmated} 1-0

[Event "ICS rated blitz match"]
[Site "204.178.125.65"]
[Date "2001.08.04"]
[Round "?"]
[White "Hossa"]
[Black "Tinker"]
[Result "1-0"]
[WhiteElo "2537"]
[BlackElo "2481"]
[PlyCount "85"]
[EventDate "2001.??.??"]

1. e4 c5 2. Bc4 e6 3. Nf3 d6 4. O-O Nf6 5. Nc3 Be7 6. d3 O-O 7. e5 dxe5 8. Nxe5
Nbd7 9. Nxd7 Bxd7 10. Re1 Bc6 11. a4 Qd4 12. Bb5 Ng4 13. Qe2 Rae8 14. Bxc6 bxc6
15. Ne4 f5 16. Nd2 Bh4 17. g3 Bd8 18. Nc4 Kh8 19. h3 Nh6 20. Be3 Qd5 21. Bxh6
gxh6 22. Qh5 Bf6 23. Qxh6 f4 24. g4 Bd4 25. Re4 f3 26. Rae1 Bg7 27. Qh4 a6 28.
Nb6 Qd6 29. g5 Qe7 30. Rxe6 Qxe6 31. Rxe6 Rxe6 32. Nd7 Rd8 33. Qf4 Re1+ 34. Kh2
Re2 35. Kg3 Rxc2 36. Qf5 Re8 37. Nf6 Bxf6 38. gxf6 Rc1 39. f7 Rg1+ 40. Kh4 Rf8
41. Qe5+ Rg7 42. Kh5 c4 43. Kh6 {Tinker resigns} 1-0

[Event "ICS rated blitz match"]
[Site "204.178.125.65"]
[Date "2001.08.04"]
[Round "?"]
[White "ChesterX"]
[Black "Hossa"]
[Result "1-0"]
[WhiteElo "2730"]
[BlackElo "2553"]
[PlyCount "76"]
[EventDate "2001.??.??"]

1. e4 e5 2. Nf3 Nc6 3. d4 exd4 4. Nxd4 Nf6 5. Nxc6 bxc6 6. e5 Qe7 7. Qe2 Nd5 8.
c4 Ba6 9. b3 g5 10. g3 Bg7 11. Bb2 O-O-O 12. Nd2 Nb4 13. Nf3 c5 14. Bg2 Nc6 15.
O-O Rde8 16. Rfe1 g4 17. Nh4 Nxe5 18. Rad1 Rhg8 19. Qd2 Qe6 20. Bxe5 Bxe5 21.
Rxe5 Qxe5 22. Qxd7+ Kb8 23. Qc6 Qe1+ 24. Rxe1 Rxe1+ 25. Bf1 Bc8 26. Qxc5 Ra1
27. Nf5 Rd8 28. Qb4+ Bb7 29. Ne3 Re8 30. a4 Rb1 31. Nxg4 a6 32. h4 Rd1 33. Ne3
Rb1 34. c5 a5 35. Qxa5 Rxb3 36. Qd2 Be4 37. Qd7 Rc8 38. a5 Rb1 {Hossa resigns}
1-0

[Event "ICS rated bullet match"]
[Site "204.178.125.65"]
[Date "2001.08.04"]
[Round "?"]
[White "Hossa"]
[Black "koljap"]
[Result "1-0"]
[WhiteElo "2603"]
[BlackElo "2238"]
[PlyCount "189"]
[EventDate "2001.??.??"]

1. e4 c5 2. b4 cxb4 3. a3 Nc6 4. axb4 Nxb4 5. Ba3 Nc6 6. Nf3 d6 7. Bc4 e6 8.
O-O Be7 9. d4 d5 10. exd5 exd5 11. Bd3 Nf6 12. Bxe7 Nxe7 13. Re1 O-O 14. Nbd2
Re8 15. Ne5 Nf5 16. c3 Nh4 17. Qc2 Be6 18. Re3 a5 19. Rae1 Qd6 20. g3 Ng6 21.
Nxg6 fxg6 22. Nb3 b6 23. Nd2 a4 24. Nf3 Ng4 25. R3e2 a3 26. Bb5 Re7 27. Qa2 Ra5
28. c4 h6 29. Nh4 Kh7 30. Qb1 Nf6 31. Nxg6 a2 32. Qc2 Rea7 33. Ra1 Ne4 34. Ne5
Bf5 35. Qc1 dxc4 36. Bxc4 Ng5 37. Qd1 Bb1 38. Bd3+ Bxd3 39. Qxd3+ g6 40. Qc2
Kg7 41. Qc6 Rxe5 42. Qxd6 Rxe2 43. Qxb6 Rf7 44. h4 Nf3+ 45. Kf1 Rd2 46. d5 Nh2+
47. Kg1 Nf3+ 48. Kh1 Re7 49. d6 Rf7 50. Qa6 h5 51. Qa3 Rf6 52. Qa7+ Rf7 53. Qa4
Rf6 54. Rxa2 Rdxd6 55. Kg2 Rf7 56. Re2 Rd5 57. Re6 Nd4 58. Rb6 Nf5 59. Qe4 Rfd7
60. Qe6 R5d6 61. Qe8 Kh7 62. Rxd6 Rxd6 63. Qf7+ Ng7 64. Kf3 Rd8 65. Ke4 Kh6 66.
Qf4+ Kh7 67. Qc7 Re8+ 68. Kd3 Kh6 69. Qf4+ Kh7 70. Qf6 Rc8 71. Qf7 Rd8+ 72. Ke3
Re8+ 73. Kd2 Rd8+ 74. Ke2 Re8+ 75. Kf1 Rd8 76. Qc7 Rd2 77. Kg2 Rb2 78. Kf3 Rb3+
79. Ke4 Rb4+ 80. Kd5 Rb5+ 81. Kc4 Rf5 82. f4 Rf6 83. Kd5 Ra6 84. Qe7 Ra2 85.
Qb7 Ra3 86. Ke5 Kh6 87. Kf6 Ne8+ 88. Ke7 Nd6 89. Kxd6 Rxg3 90. Ke5 Rg4 91. Qf7
g5 92. fxg5+ Rxg5+ 93. hxg5+ Kxg5 94. Qg7+ Kh4 95. Kf4 {koljap resigns} 1-0